| 000 | 00630nam a2200241Ia 4500 | ||
|---|---|---|---|
| 008 | 170203s9999 xx 000 0 und d | ||
| 020 | _a9780395779156 | ||
| 050 | _a599.4 | ||
| 050 | _b.E12z 1995 | ||
| 100 | _aEarle, Ann. | ||
| 245 | _aZipping, zapping, zooming bats / | ||
| 245 | _c by Ann Earle ; illustrated by Henry Cole. | ||
| 250 | _a1st ed. | ||
| 260 | _aNew York : | ||
| 260 | _bHarperCollins, | ||
| 260 | _c[1995] | ||
| 300 | _a32 pages : | ||
| 300 | _bcol. ill. ; | ||
| 300 | _c27 cm. | ||
| 440 | _aLet's-read-and-find-out science. Stage 2 | ||
| 650 | _aBats-- | ||
| 650 | _xJuvenile literature. | ||
| 999 |
_c305548 _d305548 |
||